000
00200nam a2200097Ia 4500
008
240331s9999 xx 000 0 und d
082
_b
KRI
100
_a
Krishnarajah,S
245
0
_a
Alakiyal
942
_c
L
999
_c
4629
_d
4629